The Southern review

Detalles Bibliográficos
Autor Corporativo: Louisiana State University (Baton Rouge, La.)
Formato: Electrónico Revista
Lenguaje:inglés
Publicado: Baton Rouge, La. : Louisiana State University Press.
Materias:
Acceso en línea:Full text available from Research Library: 01/01/1994 to 04/30/2013

MARC

LEADER 00000nas a22000007a 4500
001 ssj0000074
003 WaSeSS
005 20200512172242.0
006 m d
007 cr n
008 011016c19359999lautr p s o0 a0eng
010 |a  2012201527 
022 |a 2168-5541  |l 0038-4534  |y 0038-4534 
035 |a (WaSeSS)ssj0000074 
037 |b JHUP, 2715 N. Charles Street, Baltimore, MD 21218 
040 |a BUF  |b eng  |c BUF  |d OCLCQ  |d BUF  |d OCLCQ  |d UV0  |d AUD  |d OCLCE  |d OCLCQ  |d DLC  |d OCLCQ  |d DLC  |d OCLCF  |d VT2  |d OCLCQ  |d YNG  |d CNTRU  |d HUL  |d WaSeSS 
042 |a pcc  |a nsdp 
050 1 4 |a AP2  |b .S8555 
082 1 0 |a 051  |2 14 
130 0 |a Southern review (Baton Rouge, La. : Online) 
222 0 |a Southern review  |b (Baton Rouge, La. Online) 
245 1 4 |a The Southern review  |h [electronic resource]. 
260 |a Baton Rouge, La. :  |b Louisiana State University Press. 
310 |a Quarterly 
362 1 |a Print began with vol. 1, no. 1 (July 1935). 
506 |a License restrictions may limit access. 
538 |a Mode of access: World Wide Web. 
550 |a Issued by: Louisiana State University. 
555 |a Vols. 1 (1935)-7 (1942). 1 v.; new ser., v. 1 (1965)-7 (1971), with v. 7, no. 2; new ser., v. 8 (1972)-14 (1978). 1 v.; v. 15 (1979)-24 (1988). 1 v. 
588 |a Description based on: Vol. 30, issue 1 (winter 1994); title from general information screen (viewed Sept. 13, 2001). 
588 |a Latest issue consulted: Vol. 48, [no.] 2 (spring 2012) (Proquest website, viewed July 02, 2012). 
650 0 |a Literature  |x History and criticism  |v Periodicals. 
650 6 |a Littérature  |v Périodiques. 
650 7 |a Literature.  |2 fast  |0 (OCoLC)fst00999953 
655 0 |a Electronic journals. 
710 2 |a Louisiana State University (Baton Rouge, La.) 
776 1 |t Southern review (Baton Rouge, La.)  |x 0038-4534  |w (DLC) 36025494  |w (OCoLC)1766210 
856 4 0 |z Full text available from Research Library: 01/01/1994 to 04/30/2013  |u https://search.proquest.com/publication/41220